| 000 | 00549nam a2200181Ia 4500 | ||
|---|---|---|---|
| 008 | 180207s9999 xx 000 0 und d | ||
| 020 | _a9789812448224 | ||
| 050 | _bD554 1998 | ||
| 100 | _aDickson, Sue. | ||
| 245 | 4 | _aThe knight book / | |
| 245 | _cSue Dickson ; illustrations by Norma Portadino, Jean Hamilton, Chip Neville & Kerstin Upmeyer. | ||
| 250 | _aSecond edition. | ||
| 260 | _aJurong, Singapore : | ||
| 260 | _bPearson Education South Asia Pte Ltd., | ||
| 260 | _c1998 | ||
| 300 | _a80 pages : | ||
| 300 | _bcolor illustration ; | ||
| 999 |
_c355232 _d355232 |
||